MARC details
| 000 -LEADER |
| fixed length control field |
03927nam a2200397Ka 4500 |
| 001 - CONTROL NUMBER |
| control field |
bslw06325931 |
| 003 - CONTROL NUMBER IDENTIFIER |
| control field |
UtOrBLW |
| 005 - DATE AND TIME OF LATEST TRANSACTION |
| control field |
20210303085255.0 |
| 006 - FIXED-LENGTH DATA ELEMENTS--ADDITIONAL MATERIAL CHARACTERISTICS |
| fixed length control field |
m d |
| 007 - PHYSICAL DESCRIPTION FIXED FIELD--GENERAL INFORMATION |
| fixed length control field |
cr un||||||||| |
| 008 - FIXED-LENGTH DATA ELEMENTS--GENERAL INFORMATION |
| fixed length control field |
101115s2009 enk o 000 0 eng d |
| 020 ## - INTERNATIONAL STANDARD BOOK NUMBER |
| International Standard Book Number |
9781848553033 (electronic bk.) : |
| Terms of availability |
£64.95 ; €97.95 ; $124.95 |
| 040 ## - CATALOGING SOURCE |
| Original cataloging agency |
UtOrBLW |
| Transcribing agency |
UtOrBLW |
| 050 #4 - LIBRARY OF CONGRESS CALL NUMBER |
| Classification number |
K923 |
| Item number |
.P47 2009 |
| 072 #7 - SUBJECT CATEGORY CODE |
| Subject category code |
LNVJ |
| Source |
bicssc |
| 072 #7 - SUBJECT CATEGORY CODE |
| Subject category code |
LAW |
| Source |
bicssc |
| 072 #7 - SUBJECT CATEGORY CODE |
| Subject category code |
LAW087000 |
| Source |
bisacsh |
| 080 ## - UNIVERSAL DECIMAL CLASSIFICATION NUMBER |
| Universal Decimal Classification number |
347.5 |
| 082 04 - DEWEY DECIMAL CLASSIFICATION NUMBER |
| Classification number |
346.03 |
| Edition number |
22 |
| 245 00 - TITLE STATEMENT |
| Title |
Personal injury and wrongful death damages calculations |
| Medium |
[electronic resource] : |
| Remainder of title |
transatlantic dialogue / |
| Statement of responsibility, etc. |
edited by John O. Ward, Robert J. Thornton. |
| 260 ## - PUBLICATION, DISTRIBUTION, ETC. |
| Place of publication, distribution, etc. |
Bingley, U.K. : |
| Name of publisher, distributor, etc. |
Emerald, |
| Date of publication, distribution, etc. |
2009. |
| 300 ## - PHYSICAL DESCRIPTION |
| Extent |
1 online resource (327 p.). |
| 490 1# - SERIES STATEMENT |
| Series statement |
Contemporary studies in economic and financial analysis, |
| International Standard Serial Number |
1569-3759 ; |
| Volume/sequential designation |
v. 91 |
| 505 0# - FORMATTED CONTENTS NOTE |
| Formatted contents note |
The transatlantic dialogue: An introduction / John O. Ward, Robert J. Thornton -- Estimating and using work life expectancy in the United Kingdom / Zoltan Butt, Steven Haberman, Richard Verrall, Victoria Wass -- The development of an actuarial approach to the calculation of future loss in the UK / Matthias Kelly -- Markov work life table research in the United States / Gary R. Skoog, James E. Ciecka -- Periodical payments awards and the transfer of risk / Richard Cropper, Victoria Wass -- The U.S. approach to computing economic damages due to personal injury and wrongful death / Kurt V. Krueger, Gary R. Albrecht -- Principles of compensation for injury and wrongful death in Ireland / Shane Whelan -- Doing away with inequality in loss of enjoyment of life / Giovanni Comandé -- Scheduled damages and the American tort environment / Steven J. Shapiro, A.E. Rodriguez -- Examples of schedules of damages used in Europe and the United States / Robert Minnehan -- International data and the forensic economist: A guide to sources and uses / Michael J. Piette, David R. Williams -- Economic damages and tort reform: A comparative analysis of the calculation of economic damages in personal injury and death litigation in the United States and the United Kingdom / John O. Ward -- Accounting for the effects of disablement on future employment in Britain / Victoria Wass, Robert McNabb. |
| 520 ## - SUMMARY, ETC. |
| Summary, etc. |
The volume focuses on litigation damages, economic and non-economic, including punitive damages; their definitions, calculations, and assignments in the US and EU. The objective is to examine areas of convergence and divergence in the academic and practical treatment of damages issues in the US and EU. Many of the chapters in the volume are drawn from the papers and discussions generated at the Trans-Atlantic Dialogue meetings of the National Association of Forensic Economics that began in Edinburgh, Scotland, in 2004. That meeting focused on the development of the 'Ogden' multipliers for calculating damages mandated for consideration by UK Courts in 1999. The 2005 meetings (Dublin, Ireland) centred on Markov methodologies used in the US for generating work-life tables and their adoption into damages multipliers, punitive damages, and the process of Irish tort reform. In 2006 discussions in Florence, Italy, focused on methods for calculating non-economic damages in the US and EU as well as the process of harmonization of tort law within the EU. Most recently, the 2007 discussions in Barcelona, Spain, dealt with comparisons of scheduled damages systems in the US and the EU. |
| 588 0# - SOURCE OF DESCRIPTION NOTE |
| Source of description note |
Print version record |
| 650 #7 - SUBJECT ADDED ENTRY--TOPICAL TERM |
| Topical term or geographic name entry element |
Law |
| General subdivision |
Torts. |
| Source of heading or term |
bisacsh |
| 650 #7 - SUBJECT ADDED ENTRY--TOPICAL TERM |
| Topical term or geographic name entry element |
Personal injury. |
| Source of heading or term |
bicssc |
| 650 #0 - SUBJECT ADDED ENTRY--TOPICAL TERM |
| Topical term or geographic name entry element |
Torts. |
| 700 1# - ADDED ENTRY--PERSONAL NAME |
| Personal name |
Thornton, Robert. |
| 700 1# - ADDED ENTRY--PERSONAL NAME |
| Personal name |
Ward, John O. |
| 776 1# - ADDITIONAL PHYSICAL FORM ENTRY |
| International Standard Book Number |
9781848553026 |
| 830 #0 - SERIES ADDED ENTRY--UNIFORM TITLE |
| Uniform title |
Contemporary studies in economic and financial analysis ; |
| Volume/sequential designation |
v. 91. |
| 856 40 - ELECTRONIC LOCATION AND ACCESS |
| Uniform Resource Identifier |
<a href="https://www.emerald.com/insight/publication/doi/10.1108/S1569-3759(2009)91">https://www.emerald.com/insight/publication/doi/10.1108/S1569-3759(2009)91</a> |
| 913 ## - |
| -- |
BMEbacklist |